LEADER 00740nam0 2200241 450 001 000025843 005 20090520151918.0 010 $a0471510890 100 $a20090520d1990----km-y0itay50------ba 101 0 $aeng 102 $aUS 105 $aa-------001yy 200 1 $aApplication architecture$emodern large-scale information processing$fLaurence J. Best 210 $aNew York$cWiley$dc1990 215 $aXIX, 200 p.$cill.$d24 cm 500 10$aApplication architecture$942931 676 $a004.22$v20 700 1$aBest,$bLaurence J.$0633478 801 0$aIT$bUNIPARTHENOPE$c20090520$gRICA$2UNIMARC 912 $a000025843 951 $aDISAM 004.22/1$bM 337$cDISAM$d2009 996 $aApplication architecture$942931 997 $aUNIPARTHENOPE LEADER 02422nas 2200769-a 450 001 9910171016503321 005 20240915213022.0 035 $a(CKB)110978977280628 035 $a(CONSER)---26006489- 035 $a(EXLCZ)99110978977280628 100 $a20761018a19569999 --- a 101 0 $aeng 181 $ctxt$2rdacontent 182 $cc$2rdamedia 183 $acr$2rdacarrier 200 00$aJournal of Jewish communal service 210 $aAlbany, N.Y. $cNational Conference of Jewish Communal Service, 1956- 215 $a1 online resource 300 $aRefereed/Peer-reviewed 300 $aTitle from cover. 311 08$aPrint version: Journal of Jewish communal service. 0022-2089 (DLC) 26006489 (OCoLC)2509312 531 $aTHE JEWISH SOCIAL SERVICE QUARTERLY 531 $aJ JEW COMMUNAL SERV 531 0 $aJ. Jew. communal serv. 606 $aJews$zUnited States$xCharities$vPeriodicals 606 $aSocial service 606 $aSociology 606 $aJews 606 $aSocial Work 606 $aSociology 606 $aJuifs$zÉtats-Unis$x?uvres de bienfaisance$vPériodiques 606 $aJuifs 606 $aService social 606 $aSociologie 606 $aJews$vPeriodicals$2[mesh] 606 $aSocial Work$vPeriodicals$2[mesh] 606 $aSociology$vPeriodicals$2[mesh] 606 $asociology$2aat 606 $aSociology$2fast$3(OCoLC)fst01123875 606 $aSocial service$2fast$3(OCoLC)fst01123192 606 $aJews$xCharities$2fast$3(OCoLC)fst00983160 607 $aUnited States$2fast$1https://id.oclc.org/worldcat/entity/E39PBJtxgQXMWqmjMjjwXRHgrq 608 $aPeriodical. 608 $aPeriodicals.$2fast 615 0$aJews$xCharities 615 0$aSocial service. 615 0$aSociology. 615 2$aJews. 615 2$aSocial Work. 615 2$aSociology. 615 6$aJuifs$x?uvres de bienfaisance 615 6$aJuifs. 615 6$aService social. 615 6$aSociologie. 615 7$aJews 615 7$aSocial Work 615 7$aSociology 615 7$asociology. 615 7$aSociology. 615 7$aSocial service. 615 7$aJews$xCharities. 712 02$aNational Conference of Jewish Communal Service (U.S.) 906 $aJOURNAL 912 $a9910171016503321 920 $aexl_impl conversion 996 $aJournal of Jewish communal service$92258126 997 $aUNINA